| 000 | 02664ncm0a2200457 4500 | ||
|---|---|---|---|
| 001 | RU\NLR\ONIZ\265350 | ||
| 005 | 20250624123708.0 | ||
| 035 | _a(NLR Aleph) 012705652 | ||
| 071 | 2 | 0 | _a34825 |
| 090 |
_a12893260 _c12893260 |
||
| 100 | _a20220206d1912 |||y0rusy50 ca | ||
| 101 | 0 | _arus | |
| 102 |
_aRU _aDE _aUA _aPL |
||
| 125 | _aa| | ||
| 128 | _atom | ||
| 135 | _acrgn 008anaba | ||
| 145 | 0 | _au | |
| 200 | 1 |
_aЛитургия св. Иоанна Златоуста _bНоты _eпридворнаго роспева _eдля большого смешаннаго хора [с дублировкой фортепиано] _eор. 27 _fС. Панченко |
|
| 203 |
_aМузыка _bзнаковая _bвизуальная _cнепосредственная |
||
| 208 | _aПартитура | ||
| 210 |
_aМосква _aЛейпциг _cП. Юргенсон _aС.-Петербург _cу И. Юргенсона _aКиев _aВаршава _cу Л. Идзиковскаго _d[1912] |
||
| 215 |
_a59 с. _d27 см |
||
| 313 | _aСистематизация документа проведена по изданию - Методика классифицирования музыкальных произведений (нотных изданий) по таблицам Библиотечно-библиографических классификаций : метод. рекомендации / Гос. б-ка СССР им. В.И. Ленина.- М., 1977. Индексу ББК методических рекомендаций присваивается код ББК для научных библиотек - LBC/SL | ||
| 325 | _aКопия доступна в Электрон. б-ке РНБ | ||
| 606 | 1 |
_aЦерковная музыка православная _jНоты _2nlr_sh |
|
| 606 | 1 |
_aЛитургические песнопения православные _yРоссия _z20 в. _jНоты _2nlr_sh |
|
| 606 | 1 |
_aЛитургия св. Иоанна Златоуста _jНоты _2nlr_sh |
|
| 686 | 0 | _aЩ99(28) | |
| 700 | 1 |
_9z01790 _aПанченко _bС. В. _f1887-1937 _gСемен Викторович _4230 _7ca |
|
| 790 | 1 |
_9z01700 _aPančenko _bS. V. _f1887-1937 _gSemjon Viktorovič _4230 _7ba |
|
| 801 | 0 |
_aRU _bNLR _c20220206 _gPSBO |
|
| 801 | 1 |
_aRU _bNLR _c20220206 _2rusmarc |
|
| 801 | 2 |
_aRU _bNLR _c20220206 |
|
| 852 |
_aNLR _bМ _j183.83 _p203169 _t1 |
||
| 942 | _cSCORE | ||
| 980 | _aNB | ||
| 980 | _aONIZ | ||
| 981 | 2 | 4 |
_a(24) Нотные издания и аудиозаписи _b(24) Русская духовная музыка |